| 000 | 00529nam a22002057a 4500 | ||
|---|---|---|---|
| 003 | FEu | ||
| 005 | 20140310182822.0 | ||
| 008 | 130304t xxu||||| |||| 00| 0 eng d | ||
| 020 | _a9713002423 | ||
| 050 |
_aRS 57 _b.D612 1992 |
||
| 100 | _aDison, Norma | ||
| 245 |
_aSimplified drugs and solutions for nurses including mathematics / _cDison, Norma |
||
| 250 | _a10th ed. | ||
| 260 |
_aSt. Louis : _bMosby, _c1992. |
||
| 300 |
_a209 p. : _c25 cm. |
||
| 521 | _aNUR | ||
| 562 | _e1 | ||
| 942 |
_2lcc _cBK _kFOR |
||
| 999 |
_c16410 _d16410 |
||